000 00560cam a2200157 a 4500
020 _a082134157X
082 0 0 _a363.738/4
_bPHA
_cD
100 1 _aLovei, Magda.
_938138
245 1 0 _aPhasing out lead from gasoline
_bworldwide experience and policy implications /
_cMagda Lovei.
260 _aWashington, DC :
_bWorld Bank,
_cc1998.
526 _a0
_b0
_c0
_d363_738400000000000_PHA
650 0 _aLead abatement
_xGovernment policy.
_938139
650 0 _aLead abatement.
_938140
856 4 0 _uhttp://www.columbia.edu/cgi-bin/cul/resolve?clio7697132
942 _2ddc
_cBK
999 _c542797
_d542797